Pla d'Igualtat d'Oportunitats : Programa 2003 Programa 2003
Descripción Física:
90 pàg. ; 1 vol. enquadernat ; 30 cm.
Materias:
Igualtat entre els sexes -- Barcelona (Catalunya : Província)
; Programes d'acció positiva -- Barcelona (Catalunya : Província)
Idioma:
Catalán
MARC
| LEADER | 00000nam a22000007a 4500 | ||
|---|---|---|---|
| 001 | 28499 | ||
| 003 | AGDB | ||
| 005 | 20260324181524.0 | ||
| 008 | 240422b spa||||| |||| 00| 0 cat d | ||
| 040 | |a agdb |b cat | ||
| 110 | 1 | |a Barcelona (Catalunya : Província). |b Oficina Tècnica del Pla d'Igualtat |9 54965 | |
| 245 | |a Pla d'Igualtat d'Oportunitats : |b Programa 2003 | ||
| 250 | |a Desembre 2002 | ||
| 260 | |a [Barcelona] : |b Diputació de Barcelona ; |c 2002 | ||
| 300 | |a 90 pàg. ; |b 1 vol. enquadernat ; |c 30 cm. | ||
| 650 | 0 | |a Igualtat entre els sexes |x Barcelona (Catalunya : Província) |9 46189 | |
| 650 | 0 | |a Programes d'acció positiva |z Barcelona (Catalunya : Província) |9 70021 | |
| 710 | |a Barcelona (Catalunya : Província). |b Àrea de Govern |9 70837 | ||
| 942 | |c ARXIU |2 udc |n 1 | ||
| 952 | |0 0 |1 0 |4 0 |6 BIB1166 |7 1 |9 96971 |a Arxiu |b Arxiu |d 2024-04-22 |l 0 |o Bib-1166 |p 28499 |r 2024-04-22 00:00:00 |w 2024-04-22 |y ARXIU | ||
| 999 | |c 128818 |d 128818 | ||